Jusqu'où irez vous ? #13 (Culture Générale) - Statistiques

Statistiques générales
  • Ce quiz a été pris 190 fois
  • Le résultat moyen est 11 sur 50
Statistiques - réponses
Hint Réponse % Correct
Il suit le printemps et précède l'automne Ete
100%
Structure verticale séparant deux espaces ; en anglais Wall : un _ _ _ Mur
95%
Foire aux questions = _ _ _ FAQ
86%
Sigle du Nouvel Ordre Mondial en français Nom
75%
Emission de télévision française de téléréalité culinaire, diffusée sur M6 à partir de 2010 : _ _ _ Chef Top
75%
Type de service gagnant au tennis, durant lequel l'adversaire ne touche pas la balle Ace
68%
Toujours au Tennis, lorsque la balle touche la bande du filet sans être faute, un service est annoncé _ _ _ Let
62%
Le maximum de production d'une ressource atteint (Max n'est pas la réponse ici) : Un _ _ _ de production Pic
42%
Période historique des États-Unis qui s'est déroulée au XIXe siècle, nommée par métonymie d'après l'emplacement géographique où elle a eu lieu : l'Ouest américain _ _ _ West Far
38%
Premier sketch de Coluche, C'est l'histoire d'un _ _ _ Mec
38%
Western américain de John Ford, sorti en 1950 : _ _ _ Grande Rio
35%
Département français numéro 63 : _ _ _-de-Dôme Puy
34%
Diminutif pour le prénom Christophe et signifie « photo » en verlan Tof
34%
Emission de télévision française adaptée du format America's Funniest Home Videos par Jean Bardin, et diffusée sur TF1 de 1990 à 2008 : Vidéo _ _ _ Gag
32%
Dévaster un lieu par le pillage = Mettre à _ _ _ Sac
32%
Boisson alcoolisée obtenue par la fermentation du raisin Vin
31%
Compositeur de parfums, œnologue et toute personne travaillant à l'aide de son odorat : _ _ _ Nez
30%
Une passion, un plaisir particulier et personnel, un moment de bonheur et aussi un mélange de tabac et de chanvre indien, en Afrique du Nord. Kif
20%
Film français réalisé par Claude Zidi en 1980 : Les Sous-doués passent le _ _ _ Bac
17%
En psychologie, la représentation de la conscience de soi-même. On peut être qualifié de présomptueux quand on en a trop... Ego
17%
Conjugaison du verbe être à la troisième personne du singulier de l'imparfait du subjonctif : qu'il/elle/on _ _ _ Fut
16%
Actrice, productrice et réalisatrice américaine : Courteney _ _ _
Cox
14%
Particule équivalente au français « de » en afrikaans, en flamand et en néerlandais Van
11%
Col droit semblable à celui des vestes chinoises : Col _ _ _ Mao
9%
Personnage de dessin animé de la série Looney Tunes (Road Runner en version originale) : Bip _ _ _ Bip
8%
Personnage principal de la série télévisée : _ _ _ le Survivant
Ken
8%
Pièce de théâtre écrite par Laurent Baffie, créée en 2005 au théâtre du Palais-Royal à Paris : _ _ _ Toc Toc
8%
Film américain réalisé par Martin Scorsese et sorti en 1991 (Cape Fear en VO) : Les Nerfs à _ _ _ Vif
8%
Chant révolutionnaire, composé en 1790, à l'occasion de la première fête du 14 juillet, dénommée à l'époque Fête de la Fédération : Ah ! ça _ _ _ Ira
7%
Désigne le comportement et la période de l'année durant laquelle un certain nombre d'espèces de mammifères (ruminants, primates…) sont sexuellement réceptives et s'accouplent : Le _ _ _ Rut
7%
Chanson de Michel Polnareff sortie en single en février 1968 et extraite de l'album du même nom, sorti la même année : Le _ _ _ des Laze Bal
6%
Comédien et humoriste français : Waly _ _ _
Dia
6%
_ _ _ désigne : - la 3e lettre de l'alphabet géorgien- la formule chimique de nitrure de gallium - une ancienne équipe cycliste française sponsorisée par la société d'assurances du même nom de 1993 à 1998 Gan
6%
Personnage fictif de la franchise d'horreur Terrifier : _ _ _ le Clown
Art
5%
Fils de Dingo dans les Walt Disney Max
5%
Roman d'Antoine de Saint-Exupéry, écrit en 1931 : _ _ _ de nuit Vol
5%
Album de Zazie sorti en 1995 Zen
5%
Divinité de la mythologie grecque de la nature, protecteur des bergers et des troupeaux, souvent représenté comme une créature chimérique, mi-homme mi-bouc Pan
4%
Chanson de Michel Berger enregistrée en 1981 : La Fille au _ _ _ Sax
4%
Mâle hybride d'un yak et d'une vache domestique Dzo
3%
Terme qui apparaît dans la Torah afin de désigner une « personne non juive » : _ _ _ Goy
3%
Station spatiale soviétique puis russe ayant orbité autour de la Terre de 1986 à 2001 Mir
3%
Club de football professionnel des Pays-Bas fondé en 1912 : _ _ _ Breda Nac
3%
Instrument de musique à cordes pincées en nombre variable et dépourvu de frettes, avec un corps arrondi en forme de poire et un manche court. Il est très répandu dans les pays arabes, en Arménie, en Grèce, en Azerbaïdjan et en Turquie : _ _ _
Oud
3%
Personnage de la série télévisée Dallas : _ _ _ Ellen Ewing Sue
3%
Participe passé au pluriel du verbe savoir : _ _ _ Sus
3%
Langue iranienne et une variété de persan, parlée par les Tats dans le Caucase, en Azerbaïdjan et au Daghestan. Elle appartient au groupe des langues iraniennes du Sud-Ouest. Tat
3%
Communes françaises
_ _ _ , dans la Manche ;
_ _ _ -lès-Chartres, en Eure-et-Loir ;
_ _ _ -sur-Launette, dans l'Oise ;
_ _ _ -sur-Mer, dans le Calvados
Ver
3%
Par ses résultats, elle est souvent comparée à son homologue masculin, le Belge Eddy Merckx comme étant « la meilleure cycliste de sa génération : Marianne _ _ _ Vos
3%
Protocole de communication apparu en France en 1999 qui permettait d'accéder à Internet à partir d'un appareil de transmission sans fil, comme un téléphone mobile ou un assistant personnel : Protocole _ _ _ Wap
3%
Aucun quiz correspondant
Distribution des résultats
% des personnes avec chaque résultat
Percentile par nombre de réponses
Votre historique - résultats
Vous n’avez pas pris ce quiz